| Tag |
First Indicator |
Second Indicator |
Subfields |
| LEADER |
00000cam a2200000Ia 4500 |
| 001 |
in00002287708 |
| 005 |
20190326194601.0 |
| 006 |
m | d | |
| 007 |
cr |n||||||||n |
| 008 |
870508s1647 stk s f000 0 eng d |
| 010 |
|
|
|a nuc87779309
|
| 040 |
|
|
|a ResP
|c GKS
|d RQM
|d OCL
|d Thomson Gale
|d UtOrBLW
|
| 043 |
|
|
|a e-uk-st
|
| 110 |
1 |
|
|a Scotland.
|
| 240 |
1 |
0 |
|a Laws, etc. (Acts : 1646-1647)
|
| 245 |
1 |
0 |
|a Acts done and past in the sixth session of the first triennial Parliament of our soveraigne lord Charles, by the grace of God King of Scotland, England, France and Ireland ,defender of the faith :
|b holden at Edinburgh beginning the third of November 1646 and ending the twenty seventh of March 1647.
|
| 264 |
|
3 |
|a Edinburgh :
|b Printed by Evan Tyler, printed to the Kings Most Excellent Majesty,
|c 1647.
|
| 300 |
|
|
|a 2 unnumbered pages, 78 pages, 12 unnumbered pages ;
|c 28 cm.
|
| 336 |
|
|
|a text
|b txt
|2 rdacontent
|
| 337 |
|
|
|a computer
|b c
|2 rdamedia
|
| 338 |
|
|
|a online resource
|b cr
|2 rdacarrier
|
| 500 |
|
|
|a Includes (3rd group) tables of printed and unprinted acts.
|
| 500 |
|
|
|a Title within ornamental border; initials; printer's ornaments.
|
| 500 |
|
|
|a Includes "The table of the unprinted acts and ratifications, done in the sixth session of the First trienniall Parliament, beginning the third of November, 1646, land ending the 27. of March, 1647".
|
| 500 |
|
|
|a "Collected, visied, and extracted forth of the bookes and register of the acts of Parliament by me Alexander Gibsone, of Durie, knight, clerk of His Majesties Councell, register, and rolls, under my signe and subscription manuall. Alex. Gibsone cler. registri."--page 78.
|
| 500 |
|
|
|a Reproduction of original from Goldsmiths' Library, University of London.
|
| 500 |
|
|
|a Goldsmiths'-Kress number 00925.
|
| 510 |
4 |
|
|a Wing
|c S1164
|
| 510 |
4 |
|
|a OCLC,
|c 20886040
|
| 533 |
|
|
|a Electronic reproduction.
|b Farmington Hills, Mich. :
|c Thomson Gale,
|d 2005.
|f (The making of the modern world).
|n Available via the World Wide Web.
|n Access limited to licensing agreements.
|7 s2005 miunns
|
| 500 |
|
|
|a Electronic resource.
|
| 650 |
|
0 |
|a Session laws
|z Scotland.
|
| 655 |
|
0 |
|a Electronic books.
|
| 830 |
|
0 |
|a Making of the modern world (Goldsmiths'-Kress Library of Economic Literature)
|
| 856 |
4 |
0 |
|u http://proxy.library.tamu.edu/login?url=http://galenet.galegroup.com/servlet/MOME?af=RN&ae=U103409833&srchtp=a&ste=14&locID=txshracd2898
|z Connect to the full text of this electronic book
|t 0
|
| 999 |
|
|
|a MARS
|
| 999 |
f |
f |
|s e2400ff9-1182-3fd4-877c-7fa3d0a52667
|i dc5c5863-31ab-3cbd-adfb-0cd670555dc1
|t 0
|
| 952 |
f |
f |
|a Texas A&M University
|b College Station
|c Electronic Resources
|d Available Online
|t 0
|h No information provided
|
| 998 |
f |
f |
|t 0
|l Available Online
|